Cargando…

In Her Own Words : Conversations with Composers in the United States /

This collection of interviews with twenty-five accomplished female composers explores the work, experiences, compositional approaches, and musical intentions of a diverse group of creative individuals. With personal anecdotes and sometimes surprising intimacy and humor, these wide-ranging conversati...

Descripción completa

Detalles Bibliográficos
Autor principal: Kelly, Jennifer (Musician)
Formato: Electrónico eBook
Idioma:Inglés
Publicado: Urbana : University of Illinois Press, [2013]
Colección:Book collections on Project MUSE.
Temas:
Acceso en línea:Texto completo

MARC

LEADER 00000cam a22000004a 4500
001 musev2_23397
003 MdBmJHUP
005 20230905042504.0
006 m o d
007 cr||||||||nn|n
008 121213s2013 ilu o 00 0 eng d
010 |z  2021701834 
020 |a 9780252094835 
020 |z 9780252037597 
020 |z 9780252080494 
035 |a (OCoLC)847948764 
040 |a MdBmJHUP  |c MdBmJHUP 
100 1 |a Kelly, Jennifer  |c (Musician) 
245 1 0 |a In Her Own Words :   |b Conversations with Composers in the United States /   |c Jennifer Kelly. 
264 1 |a Urbana :  |b University of Illinois Press,  |c [2013] 
264 3 |a Baltimore, Md. :  |b Project MUSE,   |c 2013 
264 4 |c ©[2013] 
300 |a 1 online resource (488 pages). 
336 |a text  |b txt  |2 rdacontent 
337 |a computer  |b c  |2 rdamedia 
338 |a online resource  |b cr  |2 rdacarrier 
490 0 |a New perspectives on gender in music 
505 0 |a Joan Tower -- Shulamit Ran -- Jennifer Higdon -- Gabriela Lena Frank -- Alice Parker -- Chen Yi -- Tania León -- Hasu Patel -- Pauline Oliveros -- Meredith Monk -- Svjetlana Bukvich -- Pamela Z -- Toshiko Akiyoshi -- Maria Schneider -- Augusta Read Thomas -- Hilary Tann -- Libby Larsen -- Laura Karpman -- Winifred Phillips -- Deborah Lurie -- Jeanine Tesori -- Beth Anderson -- Janika Vandervelde -- Mary Jane Leach -- Emma Lou Diemer. 
520 |a This collection of interviews with twenty-five accomplished female composers explores the work, experiences, compositional approaches, and musical intentions of a diverse group of creative individuals. With personal anecdotes and sometimes surprising intimacy and humor, these wide-ranging conversations represent the diversity of women composing music in the United States from the mid-twentieth century into the twenty-first. The female composers interviewed in this text work in a variety of genres, including classical, jazz, multimedia, or collaborative forms for the stage, film, and video games. Their interviews illuminate questions about the status of women composers in America, the role of women in musical performance and education, the creative process and inspiration, the experiences and qualities that contemporary composers bring to their craft, and balancing creative and personal lives. 
546 |a Text in English. 
588 |a Description based on print version record. 
650 7 |a Women composers.  |2 fast  |0 (OCoLC)fst01177510 
650 7 |a Composers.  |2 fast  |0 (OCoLC)fst00871620 
650 7 |a SOCIAL SCIENCE  |x Women's Studies.  |2 bisacsh 
650 7 |a MUSIC  |x Individual Composer & Musician.  |2 bisacsh 
650 7 |a BIOGRAPHY & AUTOBIOGRAPHY  |x Composers & Musicians.  |2 bisacsh 
650 6 |a Compositeurs  |z États-Unis  |v Entretiens. 
650 6 |a Compositrices  |z États-Unis  |v Entretiens. 
650 0 |a Composers  |z United States  |v Interviews. 
650 0 |a Women composers  |z United States  |v Interviews. 
651 7 |a United States.  |2 fast  |0 (OCoLC)fst01204155 
655 7 |a Interviews.  |2 fast  |0 (OCoLC)fst01423832 
655 7 |a Electronic books.   |2 local 
710 2 |a Project Muse.  |e distributor 
830 0 |a Book collections on Project MUSE. 
856 4 0 |z Texto completo  |u https://projectmuse.uam.elogim.com/book/23397/ 
945 |a Project MUSE - Custom Collection 
945 |a Project MUSE - 2013 Complete 
945 |a Project MUSE - 2013 Global Cultural Studies